Las naciones extranjeras y la persecucion religiosa /

Bibliographic Details
Main Author: López Ortega, J. Antonio
Format: Book
Language:Spanish
Published: Mexico : [publisher not identified], 1944.
Subjects:

MARC

Tag First Indicator Second Indicator Subfields
LEADER 00000cam a2200000 i 4500
001 in00000325607
005 20151010161535.0
008 770808s1944 mx af b 00010 spa
010 |a  77471086  
035 |a (OCoLC)00937710 
035 |9 ABJ5610AM 
040 |a DLC  |c DLC  |d TXA  |d UtOrBLW 
043 |a n-mx--- 
049 |a TXAM  |c [1165951] 
050 0 0 |a BR1608.M6  |b L66 
100 1 |a López Ortega, J. Antonio. 
245 1 4 |a Las naciones extranjeras y la persecucion religiosa /  |c J. Antonio Lopez Ortega ; prologo del Sr. Lic. don Miguel Palomar y Vizcarra. 
264 1 |a Mexico :  |b [publisher not identified],  |c 1944. 
300 |a xxi, 374 pages, 8 unnumbered leaves of plates :  |b illustrations ;  |c 17 cm. 
336 |a text  |b txt  |2 rdacontent 
337 |a unmediated  |b n  |2 rdamedia 
338 |a volume  |b nc  |2 rdacarrier 
500 |a Errata slip inserted. 
504 |a Bibliography: pages [363]-364. 
650 0 |a Persecution  |z Mexico. 
650 0 |a Catholics  |z Mexico. 
999 |a MARS 
999 f f |s c98dbc3d-3b9e-309a-ac69-177f8d4ceaa6  |i cd7a501c-f997-33db-8b66-f36c1745b508  |t 0 
952 f f |p ric  |a Texas A&M University  |b Rellis Campus  |c Joint Library Facility  |d Remote Storage  |t 0  |e BR1608.M6 L66  |h Library of Congress classification  |i unmediated -- volume  |m A14801772704 
998 f f |a BR1608.M6 L66  |t 0  |l Remote Storage